| 000 | 00810nam a2200241 i 4500 | ||
|---|---|---|---|
| 001 | 71536 | ||
| 003 | ES-MaACL | ||
| 005 | 20250827035255.0 | ||
| 007 | t| | ||
| 008 | 040812s1958 sp af ||||1| spa d | ||
| 080 | _a796.545 | ||
| 100 | 1 |
_aGenovés Guillem, Enrique. _956345 |
|
| 245 | 1 | 0 |
_aTécnica y espíritu del camping / _cEnrique Genovés Guillem ; con dibujos y croquis del autor ; prólogo de Víctor José Jiménez Malo de Molina. |
| 260 |
_aBarcelona : _bHispano Europea, _c[1958] ( _fAriel) |
||
| 300 |
_a274 p., 2 lám. : _bil. ; _c20 cm. |
||
| 490 | 1 | _aHerakles | |
| 650 | 0 | 7 |
_aExcursionismo _2embne _912651 |
| 650 | 4 |
_aCamping. _9156713 |
|
| 700 | 1 |
_aJiménez Malo de Molina, Víctor José. _966558 |
|
| 830 | 0 |
_aHerakles _9180867 |
|
| 852 |
_aES-MaACL _jC-15768 |
||
| 999 |
_c71536 _d71536 |
||